000 00497nam a22001817a 4500
003 BD-ChCU
005 20260408085730.0
008 260408b bg ||||| |||| 00| 0 ben d
040 _cBD-ChCU
082 _a574.13 THG
100 _aThompson , Darcy W.
_921322
245 _aGrowth and form ./
_cDarcy W. Thompson .
250 _a2nd ed.
260 _aCambridge ,
_bCambridge University ,
_cC 1942
300 _avol . I & II .
650 0 _aBiology . Physiology .
_921323
942 _2ddc
_cBK
_n0
999 _c112123
_d112123